Текст томруулах:    
Cutting the red tape (Бичлэгийн дугаар. 145097)
000 -УДИРДЛАГА
Удирдлага 01530 a2200361 4500
003 - ХЯНАЛТЫН ТОО ТОДОРХОЙЛОГЧ
Код MN-UlNUM
005 - БИЧИЛТ ХИЙСЭН ОГНОО
Тухайн бичилтийг бичсэн засварласан сүүлийн огноо 20251029121437.0
008 - ЕРӨНХИЙ МЭДЭЭЛЭЛ
Ерөнхий мэдээлэл 110605s1993 nyu b 001 | eng d
020 ## - ISBN
ISBN 0029327156
-- 9780029327159
040 ## - БИЧЛЭГ ҮҮСГЭГЧ БАЙГУУЛЛАГА
Бичлэг үүсгэгч номын сангийн код МУИС-ийн номын сан
084 ## - ББК АНГИЛАЛ
ББК ангилал 65.290-2
Зохиогчийн гурван тэмдэгт T 79
Нэмэлт тусгалт Нэг сэдэвт бүтээл
Мэдлэгийн ялгаа 65 - Эдийн засаг
100 1# - ЗОХИОГЧ
Зохиогчийн нэр Tourevski, Mark
245 10 - ҮНДСЭН ГАРЧИГ
Номын нэр Cutting the red tape
Бага гарчгийн мэдээ How western companies can profit in the new Russia /
Оролцогчдын тухай мэдээ Mark Tourevski, Eileen Morgan
260 ## - ГАРАЛТЫН МЭДЭЭ
Хэвлэгдсэн газар New York :
Хэвлэлийн газар Free Press ;
Хэвлэгдсэн он c1993
300 ## - МАТЕРИАЛЫН ТОДОРХОЙЛОЛТ
хуудасны тоо xxiii, 310 p. ;
Хэмжээ 24 cm.
500 ## - Тайлбар
Дансны дугаар БС 5598
546 ## - ХЭЛНИЙ ТУХАЙ МЭДЭЭ
Хэл Англи хэл дээр,
653 ## - Түлхүүр үг
Түлхүүр үг former Soviet republics
653 ## - Түлхүүр үг
Түлхүүр үг commerce
653 ## - Түлхүүр үг
Түлхүүр үг economic conditions
700 ## - ХАМ ЗОХИОГЧИД
Ба бус Morgan, Eileen,
Dates associated with a name 1949-
740 ## - НОМЫН ГАРЧИГ
Гарчиг The human dimension of doing business: A Key to success in the former Soviet Union
740 ## - НОМЫН ГАРЧИГ
Гарчиг Ten advantages of doing business in the Russian federation and other former soviet republics
740 ## - НОМЫН ГАРЧИГ
Гарчиг Ten obstacles to developing business in the former Soviet Union
740 ## - НОМЫН ГАРЧИГ
Гарчиг Potential opportunities in trade and investment activities for American companies in the former soviet republics
740 ## - НОМЫН ГАРЧИГ
Гарчиг Important sociocultural dynamics of doing business
740 ## - НОМЫН ГАРЧИГ
Гарчиг Discrepancies between law and reality
740 ## - НОМЫН ГАРЧИГ
Гарчиг Categories of soviet organizations and business people as partners of American companies
740 ## - НОМЫН ГАРЧИГ
Гарчиг Negotiating with soviet business people
942 ## - ЭЛЕМЕНТИЙН ТӨРӨЛ
Зүйлийн төрөл Ном